Inny świat : zapiski sowieckie /
Enregistré dans:
| Auteur principal: | |
|---|---|
| Collectivité auteur: | |
| Autres auteurs: | |
| Format: | Livre |
| Langue: | polonais |
| Publié: |
Kraków :
Wydaw. Literackie,
2000.
|
| Édition: | Wydanie drugie w tej edycji. |
| Collection: | Lekcja Literatury
|
| Sujets: | |
| Tags: |
Pas de tags, Soyez le premier à ajouter un tag!
|
MARC
| LEADER | 00000nam a2200000 i 4500 | ||
|---|---|---|---|
| 001 | 9910347218905606 | ||
| 005 | 20260515140228.0 | ||
| 008 | 020515s2000 pl |000 0 pol | ||
| 020 | |a 8308032303 | ||
| 035 | |a 991018207039705066 | ||
| 035 | |a (PL-WaBN)b14934115-48omnis_nlop | ||
| 035 | |a b14934115 | ||
| 035 | |a (OCoLC)830312719 | ||
| 035 | |a zz2002921732 | ||
| 035 | |a xx002463850 | ||
| 035 | |a (PL)b0000001493411 | ||
| 040 | |a WA N |c WA N |d WA N | ||
| 041 | 0 | |a pol | |
| 080 | |a 94(438).082.5:929-051A/Z | ||
| 090 | |c 125 |d 124 | ||
| 100 | 1 | |a Herling-Grudziński, Gustaw |d (1919-2000) | |
| 240 | 1 | 0 | |a Inny świat |l (pol.) |
| 245 | 1 | 0 | |a Inny świat : |b zapiski sowieckie / |c Gustaw Herling-Grudziński. |
| 250 | |a Wydanie drugie w tej edycji. | ||
| 260 | |a Kraków : |b Wydaw. Literackie, |c 2000. | ||
| 300 | |a 353, [3] s. ; |c 20 cm. | ||
| 490 | 1 | |a Lekcja Literatury z Gustawem Herlingiem-Grudzińskim i Włodzimierzem Boleckim | |
| 500 | |a Na s. tyt. i okł.: Lekcja literatury z Gustawem Herlingiem-Grudzińskim i Włodzimierzem Boleckim. | ||
| 500 | |a W obrębie wydania część nakładu z datą 2003. | ||
| 500 | |a W obrębie wydania dodruk: 2002. | ||
| 504 | |a Bibliogr. | ||
| 600 | 1 | 7 | |a Herling-Grudziński, Gustaw |d (1919-2000) |
| 600 | 1 | 0 | |a Herling-Grudziński, Gustaw, |d 1919-2000 |
| 600 | 1 | 0 | |a Herling-Grudziński, Gustaw |d (1919-2000) |
| 650 | 7 | |a Polacy za granicą |z ZSRR |y 1939-1945 r. | |
| 650 | 7 | |a II wojna światowa (1939-1945) | |
| 650 | 7 | |a Obozy pracy | |
| 650 | 0 | |a World War, 1939-1945 |x Prisoners and prisons, Soviet | |
| 650 | 7 | |a Pisarze polscy | |
| 651 | 9 | |a Polacy za granicą |z ZSRR |y 1939-1945 r. | |
| 651 | 7 | |a Kraje byłego ZSRR | |
| 651 | 7 | |a ZSRR | |
| 700 | 1 | |a Bolecki, Włodzimierz |d (1952- ) | |
| 710 | 2 | |a Wydawnictwo Literackie | |
| 830 | 0 | |a Lekcja Literatury | |
| 920 | |a 83-08-03230-3 | ||
| 942 | |c K | ||
| 952 | |0 0 |1 0 |4 0 |6 R__79_000000000000000 |7 0 |9 117 |a RYT |b RYT |d 2026-05-12 |e 1/2014 |g 10.00 |l 0 |o R.79 |p 2000000000794 |r 2026-05-15 14:02:28 |w 2026-05-15 |y BK |z da | ||
| 999 | |c 117 |d 117 | ||